Language Quiz

Random Language Quiz

'IQ' Test Quiz Stats

Quiz not verified by Sporcle

Challenge
Share
Tweet
Embed
Score 0/6 Timer 01:00
0 Plays Today
Hint Answer % Correct
Finish the phrase: 'There's no----in team.'I
96.3%
Finish the phrase: 'An eye for an-'eye
90.5%
What letter almost always follows the letter q in English words?u
88.9%
What does the I in IQ stand for?Intelligence
88%
What does the Q in IQ stand for?Quotient
58.6%
What word means a line of people?queue
52.6%

You're not logged in!

Compare scores with friends on all Sporcle quizzes.
Sign Up with Email
OR
Log In

You Might Also Like...

Show Comments

Extras

Top Quizzes Today


Score Distribution

Your Account Isn't Verified!

In order to create a playlist on Sporcle, you need to verify the email address you used during registration. Go to your Sporcle Settings to finish the process.